| 000 | 00466nam a2200169 a 4500 | ||
|---|---|---|---|
| 005 | 20140412111322.0 | ||
| 008 | 010309s19uu xx 00 eng d | ||
| 020 | _a3-407-78076-1 | ||
| 050 |
_aER _bLe56 1990 |
||
| 245 |
_aA letter for Tiger / _ctranslated by Anthea Bell. |
||
| 260 |
_aLondon : _bBeltz & Gelberg, _c1990. |
||
| 300 | _a1 v. (unp.) ; ill. | ||
| 440 | _aJanosch | ||
| 650 | _aLetter -- Fiction | ||
| 650 | _aFrienship -- Fiction | ||
| 999 |
_c104416 _d104416 |
||